| 000 | 00733nam a2200217 a 4500 | ||
|---|---|---|---|
| 005 | 20240925063805.0 | ||
| 008 | 040115s2002 mx r 000 0 spa d | ||
| 020 | _a8471977281 | ||
| 035 | _aUPN01000131299 | ||
| 049 | _aCG | ||
| 050 | 4 |
_aQA11 _bM3.4 |
|
| 100 | 1 |
_aMartínez Montero, Jaime _934571 |
|
| 245 | 1 | 0 |
_aEnseñar matemáticas a alumnos con necesidades educativas especiales / _cJaime Martínez Montero. |
| 260 |
_aBarcelona, Esp. : _bCisspraxis, _c2002. |
||
| 300 |
_a249 p. : _bfigs., cuadros, tablas |
||
| 440 | 0 |
_aEducación al día. _pEducación especial |
|
| 440 | 0 | _aMonografías escuela española | |
| 650 | 4 |
_aMatemáticas _xEstudio y enseñanza _93601 |
|
| 650 | 4 |
_aEducación especial _93029 |
|
| 905 | _aLibro | ||
| 999 |
_c103454 _d103454 |
||